Centrifugal Pumps (Record no. 331875)
[ view plain ]
| 000 -LEADER | |
|---|---|
| fixed length control field | 00514nam a2200181Ia 4500 |
| 008 - FIXED-LENGTH DATA ELEMENTS--GENERAL INFORMATION | |
| fixed length control field | 230718s9999 xx 000 0 und d |
| 020 ## - INTERNATIONAL STANDARD BOOK NUMBER | |
| International Standard Book Number | 9788172244187 |
| 041 ## - LANGUAGE CODE | |
| Language code of text/sound track or separate title | eng |
| 082 ## - DEWEY DECIMAL CLASSIFICATION NUMBER | |
| Classification number | 621.6'7 |
| Item number | LOB |
| 100 ## - MAIN ENTRY--PERSONAL NAME | |
| Personal name | Lobanoff V.S. |
| 9 (RLIN) | 192401 |
| 245 ## - TITLE STATEMENT | |
| Title | Centrifugal Pumps |
| Remainder of title | Design And Application |
| 250 ## - EDITION STATEMENT | |
| Edition statement | 2nd ed. |
| 260 ## - PUBLICATION, DISTRIBUTION, ETC. (IMPRINT) | |
| Name of publisher, distributor, etc. | Jaico Publishing House |
| 300 ## - PHYSICAL DESCRIPTION | |
| Accompanying material [OBSOLETE, CAN/MARC] | Ref 706 I (39703) |
| 365 ## - TRADE PRICE | |
| Currency code | Rs. |
| Price amount | 995.00 |
| 700 ## - ADDED ENTRY--PERSONAL NAME | |
| Personal name | Lobanoff V.S. |
| 9 (RLIN) | 192401 |
| 906 ## - LOCAL DATA ELEMENT F, LDF (RLIN) | |
| d | O:0322706-Feb-2013B:219503-Jan-2013 |
| c | MECH |
| b | 218.9 |
| Withdrawn status | Lost status | Damaged status | Not for loan | Home library | Current library | Date acquired | Vendor | Budget Code | Cost, normal purchase price | Bill number | Total Checkouts | Full call number | Barcode | Date last seen | Date last checked out | Discount | Cost, replacement price | Bill Date | Koha item type | Original Barcode |
|---|---|---|---|---|---|---|---|---|---|---|---|---|---|---|---|---|---|---|---|---|
| Cummins College of Engineering for Women Pune | Cummins College of Engineering for Women Pune | 06/02/2013 | Technical Book Services | MECH | 776.10 | 2195 | 1 | 621.6'7 | CCEP-BK-43082 | 26/03/2024 | 11/03/2024 | 218.9 | 995.00 | 03/01/2013 | Books | 043082 |